000 00725nam a2200217 i 4500
001 105408
003 ES-MaACL
005 20240208063111.0
007 t|
008 060707s1962 mx f ||||1|dspa d
080 _a946"1931/39"(093.32)
100 1 _aMaura, Miguel,
_d1887-1971
_979220
245 1 0 _aAsí cayó Alfonso XIII /
_cMiguel Maura.
250 _a[1ª ed.].
260 _aMéxico :
_b[s.n.],
_c1962 (
_fImp. Mañez)
300 _a350 p., [14] h. de lám. ;
_c22 cm.
600 1 4 _aMaura, Miguel,
_d1887-1971
_979220
651 4 _aEspaña-
_xHistoria-
_y1930-1931, Gobierno Berenguer-
_vRelatos personales.
_9140742
852 _aES-MaACL
_jAND-203
_z- Biblioteca Juan Andrade
999 _c105408
_d105408